000 00395nam a2200121Ia 4500
008 220217s9999 xx 000 0 und d
245 0 _aMedical gloves for single use. Part 4. Requirements and testing for shelf life determination (CD Form)
260 _c2009
500 _aStandard number: BS EN 455-4
650 _aMedical gloves-single use
650 _aShelf life determination
942 _cST
999 _c73304
_d73304